Central Library OPAC University of Rajshahi

An outline of statistical theory / (Record no. 35376)

MARC details
000 -LEADER
fixed length control field 00844nam a22002537a 4500
001 - CONTROL NUMBER
control field 35376
003 - CONTROL NUMBER IDENTIFIER
rucl marc code BD-RjUL
005 - DATE AND TIME OF LATEST TRANSACTION
control field 20211209052317.0
008 - FIXED-LENGTH DATA ELEMENTS--GENERAL INFORMATION
fixed length control field 140524s1977 ii s 001 0 eng d
035 ## - SYSTEM CONTROL NUMBER
System control number (BD-RjUL)35470
040 ## - CATALOGING SOURCE
Original cataloging agency BD-RjUL
Language of cataloging eng
Transcribing agency BD-RjUL
041 ## - LANGUAGE CODE
Language code of text/sound track or separate title eng
082 ## - DEWEY DECIMAL CLASSIFICATION NUMBER
Classification number 519.5
Author mark and year GOO V-1 1977
100 1# - MAIN ENTRY--PERSONAL NAME
Personal name Goon, A. M.
Fuller form of name (Atindra Mohan)
9 (RLIN) 107760
245 ## - TITLE STATEMENT
Title An outline of statistical theory /
Statement of responsibility, etc. by Atindra Mohan Goon; Milan Kumar Gupta; Bhagabat Dasgupta.
260 ## - PUBLICATION, DISTRIBUTION, ETC. (IMPRINT)
Place of publication, distribution, etc. Calcutta :
Name of publisher, distributor, etc. World press,
Date of publication, distribution, etc. 1977.
300 ## - PHYSICAL DESCRIPTION
Pagination ix, 488 p. ;
Size 21 cm.
504 ## - BIBLIOGRAPHY, ETC. NOTE
Bibliography, etc Includes index.
505 ## - FORMATTED CONTENTS NOTE
Formatted contents note v. 1. Probability and probability distribution.
650 #0 - SUBJECT ADDED ENTRY--TOPICAL TERM
Topical term or geographic name as entry element Mathematical statistics.
9 (RLIN) 107761
700 1# - ADDED ENTRY--PERSONAL NAME
Personal name Gupta, M. K. [joint au.]
Fuller form of name ( Milan Kumar)
Personal name Dasgupta, B.
Fuller form of name (Bhagabat Dasgupta)
942 ## - ADDED ENTRY ELEMENTS (KOHA)
Source of classification or shelving scheme Dewey Decimal Classification
Koha item type Books
Holdings
Lost status Source of classification or shelving scheme Damaged status Not for loan Collection code Permanent Location Current Location Shelving location Date acquired Source of acquisition Cost, normal purchase price Total Checkouts Full call number Date last seen Copy number Koha item type
  Dewey Decimal Classification   Not For Loan Non-fiction Central Library, University of Rajshahi Central Library, University of Rajshahi Reading Room 17/01/1979 India Int., calcutta. 30.00   519.5 GOO V-1 1977 24/05/2014 C-1 Books
  Dewey Decimal Classification     Non-fiction Central Library, University of Rajshahi Central Library, University of Rajshahi   26/05/1980 Indian int. cal. 30.00   519.5 GOO V-1 1977 24/05/2014 C-5 Books
  Dewey Decimal Classification     Non-fiction Central Library, University of Rajshahi Central Library, University of Rajshahi   26/05/1980 India Int., Calcata 30.00   519.5 GOO V-1 1977 17/06/2014 C-4 Books
  Dewey Decimal Classification     Non-fiction Central Library, University of Rajshahi Central Library, University of Rajshahi   18/03/2017       519.5 GOO V-1 1977 18/03/2017 C-2 Books
  Dewey Decimal Classification     Non-fiction Central Library, University of Rajshahi Central Library, University of Rajshahi   06/04/2017 British council     519.5 GOO V-1 1970 06/04/2017 C-6 Books